书目信息 |
| 题名: |
新编大学英译汉教程
|
|
| 作者: | 邵毅 , 华先发 编著 | |
| 分册: | ||
| 出版信息: | 上海 上海外语教育出版社 2004.07 |
|
| 页数: | 350页 | |
| 开本: | 21cm | |
| 丛书名: | 新世纪高等院校英语专业本科生系列教材 | |
| 单 册: | ||
| 中图分类: | H315.9 | |
| 科图分类: | ||
| 主题词: | 英语--ying yu--翻译--高等学校--教材 | |
| 电子资源: | ||
| ISBN: | 7-81095-173-4 | |
| 000 | 01118cam 2200289 450 | |
| 001 | CAL 012004098654 | |
| 005 | 20060529105540.21 | |
| 010 | @a7-81095-173-4@dCNY 15.00 | |
| 099 | @aCAL 012004098654 | |
| 100 | @a20040219d2004 em y0chiy0121 ea | |
| 101 | 0 | @achi@aeng |
| 102 | @aCN@b310000 | |
| 200 | 1 | @a新编大学英译汉教程@Axin bian da xue ying yi han jiao cheng@d= A new coursebook on English-Chinese translation@f华先发, 邵毅编著@zeng |
| 210 | @a上海@c上海外语教育出版社@d2004.07 | |
| 215 | @a350页@d21cm | |
| 225 | 2 | @a新世纪高等院校英语专业本科生系列教材@Axin shi ji gao deng yuan xiao ying yu zhuan ye ben ke sheng xi lie jiao cai |
| 300 | @a普通高等教育“十五”国家级规划教材 | |
| 320 | @a有书目 (第346-348页) | |
| 410 | 0 | @12001 @a新世纪高等院校英语专业本科生系列教材 |
| 510 | 1 | @a A new coursebook on English-Chinese translation@zeng |
| 517 | 1 | @a大学英译汉教程@ADa xue Ying Yi Han Jiao cheng |
| 606 | 0 | @a英语@Aying yu@x翻译@x高等学校@j教材 |
| 690 | @aH315.9@v4 | |
| 701 | 0 | @a邵毅@Ashao yi@4编著 |
| 701 | 0 | @a华先发@Ahua xian fa@4编著 |
| 801 | 0 | @c20060529 |
| 905 | @a10447@dH315.9@eH763 | |
| 新编大学英译汉教程= A new coursebook on English-Chinese translation/华先发, 邵毅编著.-上海:上海外语教育出版社,2004.07 |
| 350页;21cm.-(新世纪高等院校英语专业本科生系列教材) |
| 普通高等教育“十五”国家级规划教材 |
| ISBN 7-81095-173-4:CNY 15.00 |
| ● |
| 相关链接 |
|
|
|
正题名:新编大学英译汉教程
索取号:H315.9/H763
 
预约/预借
| 序号 | 登录号 | 条形码 | 馆藏地/架位号 | 状态 | 备注 |
| 1 | 603042 | 206030427 | 语言库209/209语言库 9排2列6层/ [索取号:H315.9/H763] | 在馆 | |
| 2 | 603043 | 206030436 | 语言库209/209语言库 9排2列6层/ [索取号:H315.9/H763] | 在馆 |